000
00220 a2200097 4500
001
25219
100
_a
Wilkenson, J H
245
_a
Algebraic Eigen value problem
260
_a
_b
Clarendom Press
_c
090
_c
16990
_d
16990
942
_a
NUST-CAE
_c
M
_c
7769
999
_c
260292
_d
260292